| 000 | 01366nam a2200325 a 4500 | ||
|---|---|---|---|
| 001 | ebr10641812 | ||
| 003 | CaPaEBR | ||
| 006 | m u | ||
| 007 | cr cn||||||||| | ||
| 008 | 120815s2012 njua sb 001 0 eng d | ||
| 010 | _z 2012023990 | ||
| 020 | _z9781119951766 (cloth) | ||
| 020 | _z9781118446010 (e-book) | ||
| 040 |
_aCaPaEBR _cCaPaEBR |
||
| 035 | _a(OCoLC)806456450 | ||
| 050 | 1 | 4 |
_aUA940 _b.E56 2012eb |
| 082 | 0 | 4 |
_a623.7/34 _223 |
| 100 | 1 | _aElmasry, George F. | |
| 245 | 1 | 0 |
_aTactical wireless communications and networks _h[electronic resource] : _bdesign concepts and challenges / _cGeorge F. Elmasry. |
| 260 |
_aHoboken, N.J. : _bJohn Wiley & Sons, _c2012. |
||
| 300 |
_axxii, 301 p. : _bill. |
||
| 504 | _aIncludes bibliographical references and index. | ||
| 505 | 0 | _apt. 1. Theoretical basis -- pt. 2. The evolution of tactical radios -- pt. 3. The open architecture model. | |
| 533 |
_aElectronic reproduction. _bPalo Alto, Calif. : _cebrary, _d2013. _nAvailable via World Wide Web. _nAccess may be limited to ebrary affiliated libraries. |
||
| 650 | 0 | _aCommunications, Military. | |
| 650 | 0 | _aWireless communication systems. | |
| 655 | 7 |
_aElectronic books. _2local |
|
| 710 | 2 | _aebrary, Inc. | |
| 856 | 4 | 0 |
_uhttp://site.ebrary.com/lib/rucke/Doc?id=10641812 _zAn electronic book accessible through the World Wide Web; click to view |
| 999 |
_c31741 _d31741 |
||